[Event "Blitz Open"]
[Site "?"]
[Date "2018.08.03"]
[Round "6.5"]
[White "Lu, Shanglei"]
[Black "Adhiban, B."]
[Result "0-1"]
[BlackElo "2627"]
[WhiteElo "2635"]
[LiveChessVersion "1.4.8"]

1. e4 {[%clk 0:03:02]} c5 {[%clk 0:03:04]} 2. Nf3 {[%clk 0:03:03]} e6
{[%clk 0:03:05]} 3. g3 {[%clk 0:03:03]} Nc6 {[%clk 0:03:05]} 4. Bg2
{[%clk 0:03:04]} Nf6 {[%clk 0:02:50]} 5. Nc3 {[%clk 0:03:06]} d6 {[%clk 0:02:33]}
6. O-O {[%clk 0:03:05]} Be7 {[%clk 0:02:34]} 7. d4 {[%clk 0:03:06]} cxd4
{[%clk 0:02:35]} 8. Nxd4 {[%clk 0:03:07]} O-O {[%clk 0:02:31]} 9. Re1
{[%clk 0:03:06]} Bd7 {[%clk 0:02:29]} 10. Nce2 {[%clk 0:03:07]} Rc8
{[%clk 0:02:14]} 11. Nxc6 {[%clk 0:03:08]} bxc6 {[%clk 0:02:08]} 12. c4
{[%clk 0:03:09]} c5 {[%clk 0:02:07]} 13. Nc3 {[%clk 0:03:06]} Bc6
{[%clk 0:02:08]} 14. Bf4 {[%clk 0:03:03]} Qb6 {[%clk 0:02:09]} 15. Qc2
{[%clk 0:02:59]} Nd7 {[%clk 0:02:10]} 16. Nd5 {[%clk 0:02:51]} Qd8
{[%clk 0:02:01]} 17. Nxe7+ Qxe7 {[%clk 0:02:02]} 18. Rad1 {[%clk 0:02:26]} e5
{[%clk 0:02:03]} 19. Be3 {[%clk 0:02:23]} Rfd8 {[%clk 0:02:04]} 20. Bh3
{[%clk 0:02:17]} Rb8 {[%clk 0:02:03]} 21. b3 {[%clk 0:01:36]} Nf8 22. f4 exf4
{[%clk 0:01:57]} 23. Bxf4 {[%clk 0:01:37]} Ne6 {[%clk 0:01:58]} 24. Qf2
{[%clk 0:01:27]} a5 {[%clk 0:01:46]} 25. Bg2 {[%clk 0:01:17]} Rbc8
{[%clk 0:01:06]} 26. Bd2 {[%clk 0:01:04]} Qa7 {[%clk 0:01:00]} 27. Bc3
{[%clk 0:01:01]} Qb7 {[%clk 0:00:49]} 28. Bxa5 {[%clk 0:01:00]} Re8
{[%clk 0:00:49]} 29. Rxd6 {[%clk 0:00:50]} Nd4 {[%clk 0:00:51]} 30. Bc3
{[%clk 0:00:51]} Qc7 {[%clk 0:00:36]} 31. e5 {[%clk 0:00:32]} Bxg2
{[%clk 0:00:35]} 32. Qxg2 {[%clk 0:00:33]} Rxe5 {[%clk 0:00:17]} 33. Rxe5
{[%clk 0:00:31]} Qxd6 {[%clk 0:00:18]} 34. Re1 {[%clk 0:00:23]} h5
{[%clk 0:00:16]} 35. Qe4 {[%clk 0:00:22]} Ne6 {[%clk 0:00:13]} 36. Qe5
{[%clk 0:00:21]} Qd3 {[%clk 0:00:14]} 37. Qe3 {[%clk 0:00:21]} Qc2
{[%clk 0:00:14]} 38. Qd2 {[%clk 0:00:21]} Qg6 {[%clk 0:00:14]} 39. Re5
{[%clk 0:00:14]} Rd8 {[%clk 0:00:15]} 40. Rd5 {[%clk 0:00:16]} Re8
{[%clk 0:00:17]} 41. Qd3 {[%clk 0:00:15]} Qg4 {[%clk 0:00:18]} 42. Qf5
{[%clk 0:00:14]} Qe2 {[%clk 0:00:17]} 43. Qf2 {[%clk 0:00:15]} Qe4
{[%clk 0:00:17]} 44. Rxh5 {[%clk 0:00:14]} Qd3 {[%clk 0:00:15]} 45. Qd2
{[%clk 0:00:13]} Qf3 {[%clk 0:00:14]} 46. Re5 {[%clk 0:00:12]} Rd8
{[%clk 0:00:10]} 47. Rd5 {[%clk 0:00:14]} Re8 {[%clk 0:00:12]} 48. Rd3
{[%clk 0:00:15]} Qg4 {[%clk 0:00:12]} 49. Re3 {[%clk 0:00:15]} Rd8
{[%clk 0:00:14]} 50. Qe2 {[%clk 0:00:16]} Qf5 {[%clk 0:00:14]} 51. Kg2
{[%clk 0:00:15]} Qg6 {[%clk 0:00:15]} 52. Rf3 {[%clk 0:00:14]} Ng5
{[%clk 0:00:15]} 53. Rf4 {[%clk 0:00:14]} Qc6+ {[%clk 0:00:16]} 54. Rf3
{[%clk 0:00:04]} Nxf3 {[%clk 0:00:17]} 55. Qxf3 {[%clk 0:00:05]} Qxf3+
{[%clk 0:00:18]} 56. Kxf3 {[%clk 0:00:05]} Rd3+ {[%clk 0:00:20]} 57. Ke4
{[%clk 0:00:06]} Rxc3 58. Kd5 f5 {[%clk 0:00:20]} 59. Kxc5 {[%clk 0:00:08]} Rc2
{[%clk 0:00:19]} 60. a4 {[%clk 0:00:08]} g5 {[%clk 0:00:20]} 61. Kd4
{[%clk 0:00:06]} Re2 {[%clk 0:00:21]} 62. Kd3 {[%clk 0:00:05]} Re8
{[%clk 0:00:22]} 63. a5 {[%clk 0:00:04]} f4 {[%clk 0:00:24]} 64. a6
{[%clk 0:00:03]} f3 {[%clk 0:00:24]} 0-1

[Event "Blitz Open"]
[Site "?"]
[Date "2018.08.03"]
[Round "6.6"]
[White "Sasikiran, Krishnan"]
[Black "Wen, Yang"]
[Result "0-1"]
[BlackElo "2567"]
[WhiteElo "2608"]
[LiveChessVersion "1.4.8"]

1. e4 {[%clk 0:03:02]} g6 {[%clk 0:03:04]} 2. d4 {[%clk 0:03:01]} Bg7
{[%clk 0:03:05]} 3. Nc3 {[%clk 0:03:00]} d6 {[%clk 0:03:06]} 4. Be3
{[%clk 0:02:59]} a6 {[%clk 0:03:07]} 5. h3 {[%clk 0:02:55]} Nf6 {[%clk 0:03:00]}
6. Bd3 {[%clk 0:02:54]} b5 {[%clk 0:02:59]} 7. Nf3 {[%clk 0:02:48]} Bb7
{[%clk 0:02:59]} 8. e5 {[%clk 0:02:48]} Nd5 {[%clk 0:02:51]} 9. e6
{[%clk 0:02:40]} fxe6 {[%clk 0:02:44]} 10. Ng5 {[%clk 0:02:41]} Kd7
{[%clk 0:02:13]} 11. Be4 {[%clk 0:02:07]} Nxc3 {[%clk 0:01:53]} 12. bxc3
{[%clk 0:02:08]} Bxe4 13. Nxe4 {[%clk 0:02:09]} Qf8 {[%clk 0:01:43]} 14. a4
{[%clk 0:02:04]} Nc6 {[%clk 0:01:41]} 15. O-O {[%clk 0:01:49]} Qf5
{[%clk 0:01:41]} 16. f3 {[%clk 0:01:48]} Qd5 {[%clk 0:01:39]} 17. Qe2
{[%clk 0:01:42]} Qc4 {[%clk 0:01:36]} 18. Qf2 {[%clk 0:01:35]} b4
{[%clk 0:01:17]} 19. cxb4 {[%clk 0:01:22]} Nxb4 {[%clk 0:01:16]} 20. c3
{[%clk 0:01:20]} Nd5 {[%clk 0:01:17]} 21. Bd2 {[%clk 0:01:10]} Rab8
{[%clk 0:01:16]} 22. Rfb1 {[%clk 0:01:02]} Qd3 {[%clk 0:01:16]} 23. Rd1
{[%clk 0:01:00]} Qc4 {[%clk 0:01:09]} 24. Re1 {[%clk 0:00:43]} Rb2
{[%clk 0:01:06]} 25. Ng5 {[%clk 0:00:35]} Qd3 {[%clk 0:00:48]} 26. Rad1
{[%clk 0:00:26]} Nxc3 {[%clk 0:00:45]} 27. Bxc3 Qxc3 {[%clk 0:00:46]} 28. Qh4
{[%clk 0:00:17]} Bf6 {[%clk 0:00:46]} 29. Qg4 {[%clk 0:00:16]} Bxg5
{[%clk 0:00:38]} 30. Qxg5 {[%clk 0:00:17]} Rf8 {[%clk 0:00:32]} 31. Qg4
{[%clk 0:00:18]} Rf5 {[%clk 0:00:30]} 32. Qe4 {[%clk 0:00:14]} Qc4
{[%clk 0:00:27]} 33. Rc1 {[%clk 0:00:16]} Qd5 {[%clk 0:00:28]} 34. Qd3
{[%clk 0:00:14]} Rg5 {[%clk 0:00:27]} 35. Re2 {[%clk 0:00:13]} Rxe2
{[%clk 0:00:23]} 36. Qxe2 {[%clk 0:00:14]} Qxd4+ {[%clk 0:00:24]} 37. Kh1
{[%clk 0:00:16]} a5 {[%clk 0:00:24]} 38. Re1 {[%clk 0:00:12]} Re5
{[%clk 0:00:25]} 39. Qf1 {[%clk 0:00:13]} Rxe1 {[%clk 0:00:25]} 40. Qxe1
{[%clk 0:00:15]} Qxa4 {[%clk 0:00:26]} 41. Qc3 {[%clk 0:00:15]} Qb4
{[%clk 0:00:26]} 42. Qg7 {[%clk 0:00:16]} Qb1+ {[%clk 0:00:25]} 43. Kh2
{[%clk 0:00:17]} h5 {[%clk 0:00:26]} 0-1

[Event "Blitz Open"]
[Site "?"]
[Date "2018.08.03"]
[Round "6.7"]
[White "Bai, Jinshi"]
[Black "Gupta, Abhijeet"]
[Result "1-0"]
[BlackElo "2560"]
[WhiteElo "2502"]
[LiveChessVersion "1.4.8"]

1. Nf3 {[%clk 0:03:03]} Nf6 {[%clk 0:03:03]} 2. c4 {[%clk 0:03:04]} g6
{[%clk 0:03:05]} 3. Nc3 {[%clk 0:03:03]} d5 {[%clk 0:03:06]} 4. cxd5 Nxd5
{[%clk 0:03:07]} 5. e4 {[%clk 0:02:58]} Nxc3 {[%clk 0:03:08]} 6. dxc3
{[%clk 0:03:00]} Qxd1+ 7. Kxd1 {[%clk 0:03:01]} Nd7 {[%clk 0:03:09]} 8. Bc4
{[%clk 0:02:39]} Nc5 {[%clk 0:02:46]} 9. Re1 {[%clk 0:02:39]} Bg4
{[%clk 0:02:42]} 10. Kc2 {[%clk 0:02:33]} Bxf3 {[%clk 0:02:32]} 11. gxf3
{[%clk 0:02:33]} e5 {[%clk 0:02:33]} 12. f4 Nd7 13. fxe5 {[%clk 0:02:06]} Nxe5
{[%clk 0:02:05]} 14. Be2 {[%clk 0:02:02]} Bc5 {[%clk 0:01:45]} 15. Bh6
{[%clk 0:01:45]} O-O-O {[%clk 0:01:23]} 16. f4 {[%clk 0:01:19]} Nd7
{[%clk 0:01:24]} 17. Rad1 {[%clk 0:01:14]} Rhe8 {[%clk 0:01:05]} 18. Bg4
{[%clk 0:01:14]} c6 {[%clk 0:01:06]} 19. b4 {[%clk 0:00:23]} Bb6 {[%clk 0:00:52]}
20. Bg5 {[%clk 0:00:22]} h5 {[%clk 0:00:34]} 21. Bh3 {[%clk 0:00:18]} Kc7
{[%clk 0:00:16]} 22. Bxd8+ {[%clk 0:00:19]} Rxd8 {[%clk 0:00:18]} 23. a4
{[%clk 0:00:17]} a5 {[%clk 0:00:18]} 24. Rd3 {[%clk 0:00:08]} Nf6
{[%clk 0:00:13]} 25. Rxd8 Kxd8 {[%clk 0:00:14]} 26. Kd3 {[%clk 0:00:09]} Bc7
{[%clk 0:00:13]} 27. Rf1 {[%clk 0:00:08]} Ne8 {[%clk 0:00:11]} 28. e5
{[%clk 0:00:09]} Ng7 {[%clk 0:00:11]} 29. Ke4 {[%clk 0:00:09]} Ke7
{[%clk 0:00:12]} 30. Rd1 {[%clk 0:00:10]} Ne6 {[%clk 0:00:12]} 31. Bxe6
{[%clk 0:00:10]} Kxe6 {[%clk 0:00:14]} 32. b5 {[%clk 0:00:07]} cxb5
{[%clk 0:00:13]} 33. axb5 {[%clk 0:00:07]} b6 {[%clk 0:00:12]} 34. c4
{[%clk 0:00:07]} f6 {[%clk 0:00:06]} 35. exf6 {[%clk 0:00:08]} Bd6
{[%clk 0:00:06]} 36. f7 {[%clk 0:00:09]} Bc5 {[%clk 0:00:06]} 37. Rd8
{[%clk 0:00:06]} Kxf7 {[%clk 0:00:07]} 38. f5 {[%clk 0:00:07]} gxf5+ 39. Kxf5
{[%clk 0:00:08]} a4 {[%clk 0:00:07]} 40. Ra8 {[%clk 0:00:09]} a3 {[%clk 0:00:09]}
41. Ra7+ {[%clk 0:00:10]} Ke8 {[%clk 0:00:09]} 42. Kg5 {[%clk 0:00:11]} Kd8
{[%clk 0:00:08]} 43. Kxh5 {[%clk 0:00:12]} Kc8 {[%clk 0:00:10]} 44. Kg6
{[%clk 0:00:12]} Kb8 {[%clk 0:00:12]} 45. Ra4 {[%clk 0:00:12]} Kc7
{[%clk 0:00:13]} 46. h4 Kd6 47. h5 {[%clk 0:00:13]} Bd4 {[%clk 0:00:04]} 48. Rxa3
{[%clk 0:00:12]} Kc5 {[%clk 0:00:06]} 49. Ra4 {[%clk 0:00:13]} 1-0

[Event "Blitz Open"]
[Site "?"]
[Date "2018.08.03"]
[Round "6.8"]
[White "Sethuraman, S.P."]
[Black "Xu, Xiangyu"]
[Result "0-1"]
[BlackElo "2448"]
[WhiteElo "2489"]
[LiveChessVersion "1.4.8"]

1. e4 {[%clk 0:03:03]} e5 {[%clk 0:03:02]} 2. Bc4 {[%clk 0:03:04]} Nf6
{[%clk 0:03:03]} 3. d3 {[%clk 0:03:05]} c6 {[%clk 0:03:04]} 4. Nf3
{[%clk 0:03:06]} d5 {[%clk 0:03:05]} 5. Bb3 {[%clk 0:03:07]} Qc7 {[%clk 0:03:04]}
6. Nc3 {[%clk 0:03:06]} dxe4 {[%clk 0:03:04]} 7. Ng5 {[%clk 0:03:08]} Bg4
{[%clk 0:03:05]} 8. Qd2 {[%clk 0:02:38]} Bh5 {[%clk 0:03:06]} 9. Ncxe4
{[%clk 0:02:30]} Nxe4 {[%clk 0:03:07]} 10. Nxe4 {[%clk 0:02:28]} Nd7
{[%clk 0:03:06]} 11. O-O {[%clk 0:02:29]} O-O-O {[%clk 0:02:59]} 12. Qc3
{[%clk 0:02:17]} Nb6 {[%clk 0:02:38]} 13. Be3 {[%clk 0:01:56]} Nd5
{[%clk 0:02:38]} 14. Bxd5 {[%clk 0:01:40]} cxd5 {[%clk 0:02:39]} 15. Ng3
{[%clk 0:01:37]} Bg6 {[%clk 0:02:35]} 16. Bxa7 {[%clk 0:01:33]} d4
{[%clk 0:02:30]} 17. Qb3 {[%clk 0:01:27]} Rd6 {[%clk 0:02:31]} 18. c3
{[%clk 0:01:28]} Bxd3 {[%clk 0:02:24]} 19. Rfc1 {[%clk 0:01:28]} Bc4
{[%clk 0:02:24]} 20. Qa4 {[%clk 0:01:23]} b5 {[%clk 0:02:24]} 21. Qc2
{[%clk 0:01:15]} d3 {[%clk 0:02:24]} 22. Qd2 {[%clk 0:01:14]} Qxa7
{[%clk 0:02:24]} 23. b3 {[%clk 0:01:15]} Be6 {[%clk 0:02:24]} 24. c4
{[%clk 0:01:14]} bxc4 {[%clk 0:02:24]} 25. bxc4 {[%clk 0:01:15]} Be7
{[%clk 0:02:25]} 26. c5 {[%clk 0:01:15]} Rc6 {[%clk 0:02:25]} 27. Ne4
{[%clk 0:01:15]} Rd8 {[%clk 0:02:25]} 28. Rab1 {[%clk 0:01:16]} f5
{[%clk 0:02:25]} 29. Nc3 {[%clk 0:01:08]} Rxc5 30. Nb5 {[%clk 0:01:09]} Qxa2
{[%clk 0:02:18]} 31. Qb4 {[%clk 0:01:05]} Kd7 {[%clk 0:02:20]} 32. Nc3
{[%clk 0:00:58]} Qa6 {[%clk 0:02:17]} 33. Ra1 {[%clk 0:00:59]} Qc4
{[%clk 0:02:09]} 34. Qb7+ {[%clk 0:00:54]} Rc7 {[%clk 0:02:09]} 35. Qb2
{[%clk 0:00:51]} Ke8 {[%clk 0:01:45]} 36. Na2 {[%clk 0:00:23]} d2
{[%clk 0:01:43]} 37. Rd1 {[%clk 0:00:20]} Qd4 {[%clk 0:01:43]} 38. Qb5+
{[%clk 0:00:20]} Kf7 {[%clk 0:01:45]} 39. Qe2 {[%clk 0:00:13]} Kg8
{[%clk 0:01:42]} 40. h3 {[%clk 0:00:13]} Ra7 {[%clk 0:01:42]} 41. Rab1
{[%clk 0:00:10]} Rxa2 {[%clk 0:01:38]} 42. Rb7 {[%clk 0:00:11]} Ra7
{[%clk 0:01:39]} 0-1

[Event "Blitz Open"]
[Site "?"]
[Date "2018.08.03"]
[Round "6.9"]
[White "Nguyen, Ngoc Truong Son"]
[Black "Jumabayev, Rinat"]
[Result "1-0"]
[BlackElo "2528"]
[WhiteElo "2630"]
[LiveChessVersion "1.4.8"]

1. e4 {[%clk 0:03:00]} c5 {[%clk 0:03:04]} 2. Nf3 {[%clk 0:03:01]} d6
{[%clk 0:03:05]} 3. d4 {[%clk 0:02:58]} cxd4 {[%clk 0:03:06]} 4. Nxd4
{[%clk 0:02:59]} Nf6 {[%clk 0:03:07]} 5. Nc3 {[%clk 0:03:00]} Nc6
{[%clk 0:03:08]} 6. Bg5 {[%clk 0:02:57]} e6 {[%clk 0:03:09]} 7. Qd2
{[%clk 0:02:52]} a6 {[%clk 0:03:10]} 8. O-O-O {[%clk 0:02:43]} Qb6
{[%clk 0:03:06]} 9. f3 {[%clk 0:02:25]} Bd7 {[%clk 0:03:04]} 10. Be3
{[%clk 0:02:19]} Qc7 {[%clk 0:03:05]} 11. g4 {[%clk 0:02:07]} h6 {[%clk 0:03:04]}
12. Kb1 {[%clk 0:01:57]} Ne5 {[%clk 0:02:25]} 13. h4 {[%clk 0:01:57]} b5
{[%clk 0:02:25]} 14. a3 {[%clk 0:01:43]} Rb8 {[%clk 0:01:36]} 15. Rg1
{[%clk 0:01:38]} d5 {[%clk 0:00:54]} 16. Bf4 {[%clk 0:01:05]} b4 {[%clk 0:00:52]}
17. axb4 {[%clk 0:00:59]} Bxb4 {[%clk 0:00:52]} 18. Nb3 {[%clk 0:00:59]} a5
{[%clk 0:00:36]} 19. exd5 {[%clk 0:00:54]} a4 {[%clk 0:00:37]} 20. d6
{[%clk 0:00:54]} Qa7 {[%clk 0:00:37]} 21. Bxe5 {[%clk 0:00:53]} axb3
{[%clk 0:00:18]} 22. Bd4 {[%clk 0:00:46]} Qa5 {[%clk 0:00:18]} 23. cxb3
{[%clk 0:00:34]} Nd5 {[%clk 0:00:12]} 24. Bc4 {[%clk 0:00:29]} Nb6
{[%clk 0:00:11]} 25. Bxb6 Rxb6 {[%clk 0:00:12]} 26. g5 {[%clk 0:00:16]} Rxd6
{[%clk 0:00:09]} 27. Qc2 {[%clk 0:00:08]} g6 {[%clk 0:00:06]} 28. Rxd6 Bxd6
{[%clk 0:00:07]} 29. Ne4 {[%clk 0:00:09]} Be5 {[%clk 0:00:08]} 30. Rd1
{[%clk 0:00:06]} hxg5 {[%clk 0:00:08]} 31. Nxg5 {[%clk 0:00:05]} Rxh4
{[%clk 0:00:07]} 32. Nxf7 {[%clk 0:00:05]} Rh2 {[%clk 0:00:08]} 33. Be2
{[%clk 0:00:06]} Qc7 {[%clk 0:00:04]} 34. Qxc7 Bxc7 {[%clk 0:00:05]} 35. Bc4
{[%clk 0:00:05]} Ke7 {[%clk 0:00:05]} 36. Ng5 {[%clk 0:00:04]} Be5
{[%clk 0:00:07]} 37. Ne4 {[%clk 0:00:04]} Rxb2+ {[%clk 0:00:08]} 38. Kc1
{[%clk 0:00:05]} Ra2 {[%clk 0:00:09]} 39. Rd3 {[%clk 0:00:05]} Bc6
{[%clk 0:00:09]} 40. b4 {[%clk 0:00:06]} Ra1+ {[%clk 0:00:07]} 41. Kd2
{[%clk 0:00:06]} Bf4+ {[%clk 0:00:08]} 42. Ke2 {[%clk 0:00:06]} Rh1
{[%clk 0:00:07]} 43. b5 {[%clk 0:00:07]} Rh2+ {[%clk 0:00:08]} 44. Kf1
{[%clk 0:00:06]} Bb7 {[%clk 0:00:08]} 45. Nc5 {[%clk 0:00:07]} Rh1+
{[%clk 0:00:05]} 46. Kg2 {[%clk 0:00:07]} Rh2+ {[%clk 0:00:06]} 47. Kg1
{[%clk 0:00:09]} Rc2 {[%clk 0:00:06]} 48. Nxb7 Rxc4 {[%clk 0:00:07]} 49. Na5
{[%clk 0:00:05]} Rc1+ {[%clk 0:00:07]} 50. Kg2 {[%clk 0:00:06]} Rc2+
{[%clk 0:00:08]} 51. Kg1 {[%clk 0:00:05]} Kf6 {[%clk 0:00:10]} 52. Nc6
{[%clk 0:00:05]} Rb2 {[%clk 0:00:10]} 53. Nd4 {[%clk 0:00:05]} e5
{[%clk 0:00:08]} 54. Nb3 {[%clk 0:00:05]} Rb1+ {[%clk 0:00:06]} 55. Kg2
{[%clk 0:00:05]} Rb2+ {[%clk 0:00:08]} 56. Kf1 {[%clk 0:00:05]} Rb1+
{[%clk 0:00:05]} 57. Ke2 {[%clk 0:00:07]} Rb2+ {[%clk 0:00:04]} 58. Kd1
{[%clk 0:00:07]} Ra2 {[%clk 0:00:05]} 59. b6 {[%clk 0:00:06]} e4 {[%clk 0:00:04]}
60. fxe4 {[%clk 0:00:06]} Ra4 {[%clk 0:00:05]} 61. Nc5 {[%clk 0:00:05]} Rb4
{[%clk 0:00:06]} 62. Rb3 {[%clk 0:00:04]} Rxb3 63. Nxb3 {[%clk 0:00:05]} Ke7
{[%clk 0:00:04]} 64. b7 {[%clk 0:00:04]} Kd8 {[%clk 0:00:05]} 65. Nc5
{[%clk 0:00:05]} Be5 {[%clk 0:00:05]} 66. Ke2 {[%clk 0:00:05]} Bd6
{[%clk 0:00:04]} 67. Na6 {[%clk 0:00:06]} 1-0

[Event "Blitz Open"]
[Site "?"]
[Date "2018.08.03"]
[Round "6.10"]
[White "Kazhgaleyev, Murtas"]
[Black "Tran, Tuan Minh"]
[Result "0-1"]
[BlackElo "2484"]
[WhiteElo "2583"]
[LiveChessVersion "1.4.8"]

1. d4 {[%clk 0:03:02]} Nf6 {[%clk 0:03:02]} 2. c4 {[%clk 0:03:02]} e6
{[%clk 0:03:02]} 3. Nc3 {[%clk 0:03:03]} Bb4 {[%clk 0:03:04]} 4. Nf3
{[%clk 0:03:04]} b6 {[%clk 0:03:05]} 5. Bg5 {[%clk 0:03:04]} h6 {[%clk 0:03:05]}
6. Bh4 {[%clk 0:03:05]} g5 {[%clk 0:03:07]} 7. Bg3 {[%clk 0:03:06]} Ne4
{[%clk 0:03:08]} 8. Qc2 {[%clk 0:03:07]} Bb7 {[%clk 0:03:09]} 9. Nd2
{[%clk 0:03:08]} Bxc3 10. bxc3 {[%clk 0:03:08]} f5 {[%clk 0:02:48]} 11. e3
{[%clk 0:03:03]} d6 {[%clk 0:02:47]} 12. Nxe4 Bxe4 {[%clk 0:02:48]} 13. Qd1
{[%clk 0:02:54]} Qf6 {[%clk 0:02:37]} 14. f3 {[%clk 0:02:54]} Bb7
{[%clk 0:02:37]} 15. Bd3 {[%clk 0:02:51]} Nc6 {[%clk 0:02:37]} 16. Qc2
{[%clk 0:02:40]} O-O-O {[%clk 0:02:19]} 17. O-O-O {[%clk 0:02:35]} Na5
{[%clk 0:02:13]} 18. Kb1 {[%clk 0:02:04]} Ba6 {[%clk 0:02:13]} 19. c5
{[%clk 0:01:51]} Bxd3 {[%clk 0:02:12]} 20. Qxd3 {[%clk 0:01:51]} Kb7
{[%clk 0:02:08]} 21. cxd6 {[%clk 0:01:41]} cxd6 {[%clk 0:02:09]} 22. c4
{[%clk 0:01:39]} Rhf8 {[%clk 0:02:03]} 23. Rd2 {[%clk 0:01:28]} f4
{[%clk 0:02:04]} 24. Bf2 {[%clk 0:01:29]} fxe3 {[%clk 0:01:00]} 25. Bxe3
{[%clk 0:01:29]} Qf5 {[%clk 0:01:01]} 26. Rc1 {[%clk 0:01:28]} Rc8
{[%clk 0:01:01]} 27. c5 {[%clk 0:01:15]} bxc5 {[%clk 0:00:55]} 28. dxc5
{[%clk 0:01:15]} d5 {[%clk 0:00:50]} 29. Ka1 {[%clk 0:01:15]} Qxd3
{[%clk 0:00:51]} 30. Rxd3 {[%clk 0:01:15]} Nc4 {[%clk 0:00:50]} 31. Bd4
{[%clk 0:01:16]} Kc6 {[%clk 0:00:47]} 32. Re1 {[%clk 0:01:14]} Rfe8
{[%clk 0:00:38]} 33. Bf2 {[%clk 0:01:10]} e5 {[%clk 0:00:36]} 34. Re2
{[%clk 0:01:05]} d4 {[%clk 0:00:35]} 35. a3 {[%clk 0:00:40]} Kxc5
{[%clk 0:00:34]} 36. Ka2 {[%clk 0:00:42]} Kd5 {[%clk 0:00:35]} 37. h4
{[%clk 0:00:40]} Rb8 {[%clk 0:00:30]} 38. hxg5 hxg5 {[%clk 0:00:31]} 39. Rd1
{[%clk 0:00:21]} Re6 {[%clk 0:00:32]} 40. Rc2 {[%clk 0:00:08]} Reb6
{[%clk 0:00:24]} 41. Rdc1 {[%clk 0:00:08]} Rb2+ {[%clk 0:00:25]} 42. Ka1
{[%clk 0:00:09]} Rxc2 {[%clk 0:00:24]} 43. Rxc2 {[%clk 0:00:11]} Nxa3
{[%clk 0:00:22]} 44. Rc7 {[%clk 0:00:11]} Nb5 {[%clk 0:00:19]} 45. Rd7+
{[%clk 0:00:11]} Ke6 {[%clk 0:00:19]} 46. Rh7 {[%clk 0:00:09]} Nc3
{[%clk 0:00:19]} 47. Rh1 {[%clk 0:00:10]} Kd5 {[%clk 0:00:18]} 48. Bg3
{[%clk 0:00:11]} d3 {[%clk 0:00:18]} 49. Re1 {[%clk 0:00:06]} d2 {[%clk 0:00:16]}
50. Rxe5+ {[%clk 0:00:07]} Kc4 {[%clk 0:00:17]} 0-1

[Event "Blitz Open"]
[Site "?"]
[Date "2018.08.03"]
[Round "6.11"]
[White "Nguyen, Anh Khoi"]
[Black "Ismagambetov, Anuar"]
[Result "1-0"]
[BlackElo "2505"]
[WhiteElo "2174"]
[LiveChessVersion "1.4.8"]

1. d4 {[%clk 0:03:03]} Nf6 {[%clk 0:03:03]} 2. c4 {[%clk 0:03:04]} c5
{[%clk 0:03:06]} 3. d5 {[%clk 0:03:07]} e6 {[%clk 0:03:07]} 4. Nc3
{[%clk 0:03:08]} exd5 {[%clk 0:03:08]} 5. cxd5 {[%clk 0:03:09]} d6
{[%clk 0:03:10]} 6. Nf3 {[%clk 0:03:09]} g6 {[%clk 0:03:11]} 7. g3
{[%clk 0:03:09]} Bg7 {[%clk 0:03:12]} 8. Bg2 {[%clk 0:03:10]} O-O
{[%clk 0:03:12]} 9. O-O {[%clk 0:03:10]} Re8 {[%clk 0:03:12]} 10. Re1
{[%clk 0:03:09]} a6 {[%clk 0:03:08]} 11. a4 {[%clk 0:03:10]} Ne4 {[%clk 0:03:07]}
12. Nxe4 {[%clk 0:03:07]} Rxe4 {[%clk 0:03:08]} 13. Qc2 {[%clk 0:03:06]} Re8
{[%clk 0:03:07]} 14. Bf4 {[%clk 0:02:54]} Qe7 {[%clk 0:02:52]} 15. e4
{[%clk 0:02:41]} Nd7 {[%clk 0:02:53]} 16. Rab1 {[%clk 0:02:38]} Ne5
{[%clk 0:02:37]} 17. Nxe5 {[%clk 0:02:31]} Bxe5 {[%clk 0:02:38]} 18. Bxe5 Qxe5
{[%clk 0:02:39]} 19. b4 {[%clk 0:02:16]} b6 {[%clk 0:02:36]} 20. bxc5
{[%clk 0:01:50]} bxc5 {[%clk 0:02:36]} 21. Qd2 {[%clk 0:01:49]} Bd7
{[%clk 0:02:31]} 22. f4 {[%clk 0:01:49]} Qf6 {[%clk 0:02:28]} 23. Rb6
{[%clk 0:01:49]} Bxa4 {[%clk 0:01:58]} 24. e5 {[%clk 0:01:48]} Qe7
{[%clk 0:01:54]} 25. Rxd6 {[%clk 0:01:46]} Bb5 {[%clk 0:01:55]} 26. Rf6
{[%clk 0:01:43]} c4 {[%clk 0:01:42]} 27. d6 {[%clk 0:01:39]} Qa7+
{[%clk 0:01:43]} 28. Kh1 {[%clk 0:01:40]} Qc5 {[%clk 0:01:33]} 29. d7 Red8
{[%clk 0:01:34]} 30. Bxa8 {[%clk 0:01:21]} c3 {[%clk 0:01:35]} 31. Qg2
{[%clk 0:01:18]} Rxd7 {[%clk 0:01:33]} 32. Rc1 {[%clk 0:01:04]} Qe3
{[%clk 0:01:29]} 33. Qg1 {[%clk 0:01:02]} Qd4 {[%clk 0:01:23]} 34. Qxd4
{[%clk 0:01:01]} Rxd4 {[%clk 0:01:24]} 35. Rxc3 {[%clk 0:01:00]} 1-0

[Event "Blitz Open"]
[Site "?"]
[Date "2018.08.03"]
[Round "6.12"]
[White "Makhnev, Denis"]
[Black "Nguyen, Duc Hoa"]
[Result "1-0"]
[BlackElo "2424"]
[WhiteElo "2492"]
[LiveChessVersion "1.4.8"]

1. d4 d5 2. Nf3 Nf6 3. c4 e6 4. Nc3 {[%clk 0:03:04]} c6 {[%clk 0:03:05]} 5. e3
{[%clk 0:03:02]} Nbd7 6. Qc2 Bd6 {[%clk 0:03:05]} 7. Bd2 {[%clk 0:02:52]} O-O 8.
Rc1 Re8 {[%clk 0:02:54]} 9. Be2 {[%clk 0:02:52]} dxc4 {[%clk 0:02:46]} 10. Bxc4
{[%clk 0:02:53]} b5 {[%clk 0:02:46]} 11. Bd3 {[%clk 0:02:53]} Bb7
{[%clk 0:02:41]} 12. O-O {[%clk 0:02:49]} Rc8 {[%clk 0:02:39]} 13. Ne4
{[%clk 0:02:29]} Nxe4 14. Bxe4 Nf6 15. Bd3 a6 {[%clk 0:02:39]} 16. b4
{[%clk 0:02:29]} Qe7 17. a3 a5 {[%clk 0:02:16]} 18. Rb1 {[%clk 0:02:19]} axb4
{[%clk 0:02:12]} 19. axb4 {[%clk 0:02:14]} h6 {[%clk 0:02:03]} 20. e4
{[%clk 0:02:13]} Bc7 {[%clk 0:01:54]} 21. Rfe1 {[%clk 0:01:58]} Red8
{[%clk 0:01:51]} 22. Bc3 {[%clk 0:01:57]} Nd7 {[%clk 0:01:41]} 23. e5
{[%clk 0:01:52]} Nb6 24. Qe2 Nd7 {[%clk 0:01:03]} 25. Qe4 {[%clk 0:01:51]} Nf8
{[%clk 0:01:04]} 26. Qg4 {[%clk 0:01:53]} Bb6 {[%clk 0:01:01]} 27. Be4
{[%clk 0:01:39]} Ra8 {[%clk 0:00:57]} 28. Bd2 Kh8 29. Qh5 {[%clk 0:01:30]} f5 30.
exf6 Qxf6 {[%clk 0:00:33]} 31. Bg5 {[%clk 0:01:31]} Bxd4 32. Bxf6 Bxf6
{[%clk 0:00:11]} 33. Ne5 {[%clk 0:01:30]} Kg8 {[%clk 0:00:09]} 34. Qf7+
{[%clk 0:01:28]} Kh8 {[%clk 0:00:10]} 35. Qxb7 {[%clk 0:01:18]} Bxe5
{[%clk 0:00:10]} 36. Bxc6 {[%clk 0:01:18]} Bc3 {[%clk 0:00:06]} 37. Qxa8
{[%clk 0:01:17]} 1-0